Requin et Raie - Culture générale - Statistiques

Statistiques générales
  • Ce quiz a été pris 251 fois
  • Le résultat moyen est 10 sur 15
Statistiques - réponses
Question Réponse % Correct
Partie du requin souvent utilisé pour faire des colliers Dents
94%
Film mettant en scène les terribles attaque d'un requin Les dents de la mer
92%
Plus grand requin Requin Baleine
91%
Nom que l'on donne au nageoires de raies Des ailes
84%
Plus grande espèce de raie Raie Manta
82%
Autre mot désignant un requin Squale
78%
Espèce de requin la plus meurtrière Grand requin blanc
76%
Qui a réalisé ce film Steven Spielberg
75%
Nageoire triangulaire qui permet de distinguer un requin Aileron
74%
Chanson enfantine mettant en scène des requins Baby shark
73%
La particularité des ces 2 espèces est qu'elles se nourrissent de : Plancton
72%
Espèce de requin capable de vivre temporairement dans l'eau douce Requin bouledogue
47%
Les requins et les raies sont des poissons : Cartilagineux
37%
Pays pêchant le plus de requin Indonésie
36%
Espèce de raie connue pour son dard Raie Pastenague
28%
Aucun quiz correspondant
Distribution des résultats
% des personnes avec chaque résultat
Percentile par nombre de réponses
Votre historique - résultats
Vous n’avez pas pris ce quiz